[Event "BRA CEAX op 5th"]
[Site "Guarapari"]
[Date "2003.10.25"]
[Round "4"]
[White "Bezerra, Herbert Ferreira"]
[Black "Bayer, Biazi"]
[Result "0-1"]
[WhiteElo "1768"]
[BlackElo "1817"]
[PlyCount "42"]
[EventDate "2003.10.24"]
[EventType "swiss"]
[EventRounds "6"]
[EventCountry "BRA"]
[SourceTitle "EXT 2006"]
[Source "ChessBase"]
[SourceDate "2005.11.24"]
[SourceVersion "1"]
[SourceVersionDate "2005.11.24"]
[SourceQuality "1"]

1. e4 c5 2. Nc3 Nc6 3. Bc4 e6 4. d3 Nge7 5. Nf3 d5 6. Bb5 a6 7. Bxc6+ Nxc6 8. 0-0 Be7 9. Re1 0-0 10. Bf4 d4 11. Ne2 Bd6 12. Qd2 e5 13. Bg5 Be7 14. Ng3 Bg4 15. Bxe7 Qxe7 16. Qe2 Rad8 17. h3 Bc8 18. Qd2 h6 19. c3 Qf6 20. Rac1 Bxh3 21. Nxe5 Nxe5 0-1